[Event "SVK-chT3A2 2223"]
[Site "Slovakia"]
[Date "2023.02.19"]
[Round "7.3"]
[White "Hecko, Dusan"]
[Black "Novomeska, Karin"]
[Result "1-0"]
[WhiteElo "1970"]
[BlackElo "1788"]
[PlyCount "73"]
[EventDate "2022.10.16"]
[EventType "team-tourn"]
[EventRounds "9"]
[EventCountry "SVK"]
[SourceTitle "EXT 2024"]
[Source "ChessBase"]
[SourceDate "2023.10.10"]
[SourceVersion "1"]
[SourceVersionDate "2023.10.10"]
[SourceQuality "1"]
[WhiteTeam "Senica CVC"]
[BlackTeam "Skalica"]
[WhiteTeamCountry "SVK"]
[BlackTeamCountry "SVK"]

1. c4 e5 2. Nc3 Nf6 3. Nf3 Nc6 4. g3 d5 5. cxd5 Nxd5 6. d3 Bb4 7. Bd2 Be6 8. Bg2 0-0 9. 0-0 Be7 10. a3 h6 11. Rc1 Nxc3 12. Bxc3 Bf6 13. Re1 Qd7 14. b4 Nd4 15. Nd2 Rab8 16. Ne4 c6 17. Nxf6+ gxf6 18. Bxd4 Qxd4 19. Qd2 Kh7 20. Qe3 Qxe3 21. fxe3 Rbd8 22. Rc5 Rd7 23. Rb1 a6 24. Kf2 Rc8 25. Rbc1 Kg6 26. Ke1 Rdc7 27. d4 Bd7 28. d5 b6 29. R5c3 Rb8 30. d6 Rcc8 31. Bxc6 Bxc6 32. Rxc6 Rd8 33. e4 Rd7 34. Rd1 a5 35. Rd5 axb4 36. axb4 Rbb7 37. Rb5 1-0

[Event "SVK-chT2A 2223"]
[Site "Slovakia"]
[Date "2023.01.15"]
[Round "7.4"]
[White "Arendas, Marek"]
[Black "Hecko, Dusan"]
[Result "1-0"]
[WhiteElo "2113"]
[BlackElo "1991"]
[PlyCount "81"]
[EventDate "2022.10.08"]
[EventType "team-tourn"]
[EventRounds "11"]
[EventCountry "SVK"]
[SourceTitle "EXT 2024"]
[Source "ChessBase"]
[SourceDate "2023.10.10"]
[SourceVersion "1"]
[SourceVersionDate "2023.10.10"]
[SourceQuality "1"]
[WhiteTeam "Trnava Lokomotiva"]
[BlackTeam "Osuske II"]
[WhiteTeamCountry "SVK"]
[BlackTeamCountry "SVK"]

1. e4 c6 2. d4 d5 3. Nc3 dxe4 4. Nxe4 Bf5 5. Ng3 Bg6 6. Nf3 Nd7 7. Bd3 Bxd3 8. Qxd3 Ngf6 9. Bd2 e6 10. c4 Be7 11. Bc3 0-0 12. 0-0 Rc8 13. Rad1 Qc7 14. Rfe1 Rfd8 15. Qe2 Bf8 16. Ng5 Re8 17. Qf3 h6 18. N5e4 Be7 19. Rd3 b5 20. b3 bxc4 21. bxc4 Nxe4 22. Nxe4 Nf6 23. Nc5 Rcd8 24. Nb3 Rb8 25. g4 Bb4 26. h4 Bxc3 27. Rxc3 Qe7 28. Rce3 Rb4 29. Qxc6 Nxg4 30. Rg3 Rb6 31. Qg2 f5 32. Nc5 Qf7 33. Rb3 Rxb3 34. axb3 Qf6 35. Qc6 Qxh4 36. Qxe8+ Kh7 37. Nd3 Qh2+ 38. Kf1 f4 39. Qxe6 Qh3+ 40. Ke2 f3+ 41. Kd2 1-0

[Event "SVK-chT2A 2122"]
[Site "Slovakia"]
[Date "2022.03.27"]
[Round "9.4"]
[White "Hecko, Dusan"]
[Black "Cambel, Vladimir"]
[Result "0-1"]
[WhiteElo "2043"]
[BlackElo "1988"]
[PlyCount "60"]
[EventDate "2021.10.16"]
[EventType "team-tourn"]
[EventRounds "11"]
[EventCountry "SVK"]
[SourceTitle "EXT 2023"]
[Source "ChessBase"]
[SourceDate "2022.10.05"]
[SourceVersion "1"]
[SourceVersionDate "2022.10.05"]
[SourceQuality "1"]
[WhiteTeam "Osuske II"]
[BlackTeam "Bratislava Slovan V"]
[WhiteTeamCountry "SVK"]
[BlackTeamCountry "SVK"]

1. d4 d5 2. Nf3 Nf6 3. Bf4 c5 4. e3 Nc6 5. c3 Qb6 6. Qc1 Bf5 7. Nbd2 e6 8. Be2 Be7 9. 0-0 0-0 10. Nh4 Bg4 11. Bd3 Nh5 12. Bg3 Nxg3 13. hxg3 Rac8 14. Qb1 h6 15. Nhf3 Rfd8 16. Nh2 h5 17. Ndf3 Bf6 18. Nxg4 hxg4 19. Nh2 cxd4 20. exd4 Nxd4 21. Nxg4 Nc6 22. Nxf6+ gxf6 23. Re1 Ne5 24. Re2 Kf8 25. Bc2 Ke7 26. Bb3 Rg8 27. Re3 Rg5 28. Qd1 Ng4 29. Rf3 Rh8 30. Rf4 Rgh5 0-1

[Event "SVK-chT 2122"]
[Site "Slovakia"]
[Date "2022.03.12"]
[Round "5.8"]
[White "Hecko, Dusan"]
[Black "Bombek, Peter"]
[Result "1-0"]
[WhiteElo "2030"]
[BlackElo "2102"]
[PlyCount "161"]
[EventDate "2021.10.23"]
[EventType "team-tourn"]
[EventRounds "11"]
[EventCountry "SVK"]
[SourceTitle "EXT 2023"]
[Source "ChessBase"]
[SourceDate "2022.10.05"]
[SourceVersion "1"]
[SourceVersionDate "2022.10.05"]
[SourceQuality "1"]
[WhiteTeam "Osuske"]
[BlackTeam "Dubnica nad Vahom"]
[WhiteTeamCountry "SVK"]
[BlackTeamCountry "SVK"]

1. c4 e6 2. Nc3 d5 3. e3 c5 4. d4 Nf6 5. Nf3 Nc6 6. Be2 a6 7. 0-0 dxc4 8. dxc5 Qxd1 9. Rxd1 Bxc5 10. Bxc4 b5 11. Be2 Bb7 12. b3 Ke7 13. Bb2 Rhd8 14. Kf1 Rd6 15. Rxd6 Bxd6 16. Rd1 Rc8 17. h3 h6 18. Ne1 Nd8 19. Rc1 g6 20. Bf3 Rc7 21. Bxb7 Nxb7 22. Nd3 Nc5 23. Nxc5 Bxc5 24. Ke2 Bb4 25. Kd3 Rd7+ 26. Ke2 Nd5 27. Nxd5+ Rxd5 28. Rc2 Kd6 29. Bg7 Ba5 30. Bxh6 Kd7 31. e4 Rh5 32. Be3 f5 33. Kd3 Bc7 34. f3 Rh4 35. Bf2 fxe4+ 36. fxe4 Rh5 37. Bd4 Bg3 38. Rc5 Rxc5 39. Bxc5 Kc6 40. Bd4 Kd6 41. Ke3 e5 42. Ba7 Ke6 43. Kf3 Be1 44. Kg4 Kf6 45. h4 Bd2 46. Bb6 Kg7 47. Bc7 Bc3 48. h5 Kh6 49. hxg6 Kxg6 50. Bb6 Bb2 51. Kf3 Bc1 52. Bd8 Kh5 53. Ba5 Bb2 54. Bd2 Bd4 55. a4 bxa4 56. bxa4 Bb2 57. Bb4 Ba1 58. Be7 Bb2 59. g4+ Kg6 60. Bh4 Bc1 61. Bg3 Bb2 62. Be1 Bd4 63. Bd2 Bc5 64. Ke2 Be7 65. Kd3 Kf6 66. Kc4 Ke6 67. Bh6 Ba3 68. Be3 Be7 69. g5 Ba3 70. Bb6 Bc1 71. Bd8 Ba3 72. g6 Bf8 73. Bg5 Ba3 74. Kd3 Bf8 75. Ke2 Bg7 76. Kf3 Bf6 77. Kg4 Bg7 78. Kh5 Bf8 79. Bh6 Be7 80. Bg7 Bb4 81. Bxe5 1-0

[Event "SVK-chT2A 2122"]
[Site "Slovakia"]
[Date "2022.03.06"]
[Round "6.4"]
[White "Mydlarik, Martin"]
[Black "Hecko, Dusan"]
[Result "0-1"]
[WhiteElo "2037"]
[BlackElo "2043"]
[PlyCount "118"]
[EventDate "2021.10.16"]
[EventType "team-tourn"]
[EventRounds "11"]
[EventCountry "SVK"]
[SourceTitle "EXT 2023"]
[Source "ChessBase"]
[SourceDate "2022.10.05"]
[SourceVersion "1"]
[SourceVersionDate "2022.10.05"]
[SourceQuality "1"]
[WhiteTeam "Modra II"]
[BlackTeam "Osuske II"]
[WhiteTeamCountry "SVK"]
[BlackTeamCountry "SVK"]

1. e4 c6 2. d4 d5 3. e5 Bf5 4. Ne2 e6 5. Nf4 h6 6. h4 c5 7. Bd3 Bxd3 8. Nxd3 cxd4 9. h5 Nc6 10. a3 Nge7 11. Bf4 g6 12. hxg6 Nxg6 13. Bg3 Be7 14. Qh5 Qd7 15. Nd2 0-0-0 16. Nb3 Rdg8 17. 0-0-0 Qc7 18. Rhe1 a5 19. Kb1 a4 20. Nbc1 Qb6 21. Ka1 Kb8 22. Na2 Qb5 23. Qf3 Rh7 24. Rh1 Qc4 25. Qe2 Bd8 26. Rh5 Nce7 27. Bh2 Nf5 28. g4 Ng7 29. Rh3 Be7 30. f4 Nf8 31. Rf1 Nd7 32. f5 Bg5 33. fxe6 Nxe6 34. Rhf3 Rgg7 35. Nab4 Be3 36. Rf5 Ka7 37. Qf3 Nb6 38. Bf4 Ng5 39. Qh1 Ne4 40. Qh3 Bd2 41. Bxd2 Nxd2 42. Rh1 Ne4 43. Qg2 Qb5 44. Qg1 Qd7 45. Rhh5 Rh8 46. Qxd4 Rg6 47. Nf4 Rc8 48. Nxg6 fxg6 49. Rxh6 Rc4 50. Qe3 d4 51. Qxe4 gxf5 52. gxf5 Qg7 53. Rg6 Qc7 54. f6 d3 55. cxd3 Rxe4 56. dxe4 Qc1+ 57. Ka2 Qc4+ 58. Ka1 Qf1+ 59. Ka2 Nc4 0-1

[Event "SVK-chT2A 1920"]
[Site "Slovakia"]
[Date "2020.02.16"]
[Round "9.4"]
[White "Orosi, Peter"]
[Black "Hecko, Dusan"]
[Result "1-0"]
[WhiteElo "2091"]
[BlackElo "2038"]
[PlyCount "95"]
[EventDate "2019.10.26"]
[EventType "team-tourn"]
[EventRounds "11"]
[EventCountry "SVK"]
[SourceTitle "CBM 195 Extra"]
[Source "ChessBase"]
[SourceDate "2020.05.31"]
[SourceVersion "1"]
[SourceVersionDate "2020.05.31"]
[SourceQuality "1"]
[WhiteTeam "Bratislava Doprastav II"]
[BlackTeam "Osuske II"]
[WhiteTeamCountry "SVK"]
[BlackTeamCountry "SVK"]

1. d4 Nf6 2. c4 d6 3. Nf3 Nbd7 4. g3 e5 5. Nc3 Be7 6. Bg2 0-0 7. 0-0 c6 8. Qc2 Qc7 9. b3 Re8 10. Bb2 Nf8 11. c5 Ng6 12. cxd6 Bxd6 13. dxe5 Nxe5 14. Nd4 Bd7 15. Rac1 Rad8 16. Ncb5 Qb8 17. Nxd6 Qxd6 18. Rfd1 Qe7 19. h3 Ng6 20. Qc3 a6 21. Kh2 Rc8 22. Qa5 Qe5 23. Qxe5 Nxe5 24. e4 Red8 25. f4 Ng6 26. b4 Ne8 27. Nb3 Be6 28. Nc5 Bxa2 29. Nxb7 Rxd1 30. Rxd1 Bb3 31. Rd8 Rxd8 32. Nxd8 Ne7 33. Bd4 Ba4 34. Bc5 Kf8 35. e5 Nc7 36. Nxc6 Bxc6 37. Bxc6 f6 38. exf6 gxf6 39. Bd6 Kf7 40. Bb7 Nb5 41. Bxe7 Kxe7 42. Bxa6 Nd4 43. Bc4 Kd6 44. Kg1 Kc6 45. Kf2 Nc2 46. b5+ Kc5 47. Bd3 Nd4 48. Ke3 1-0

[Event "Niederoesterreich Landesliga 1920"]
[Site "Austria"]
[Date "2020.01.26"]
[Round "6.4"]
[White "Hecko, Dusan"]
[Black "Neumann, Christian"]
[Result "1-0"]
[WhiteElo "2039"]
[BlackElo "1981"]
[PlyCount "51"]
[EventDate "2019.09.22"]
[EventType "team-tourn"]
[EventRounds "9"]
[EventCountry "AUT"]
[SourceTitle "CBM 195 Extra"]
[Source "ChessBase"]
[SourceDate "2020.05.31"]
[SourceVersion "1"]
[SourceVersionDate "2020.05.31"]
[SourceQuality "1"]
[WhiteTeam "Mistelbach/Altlichtenwarth"]
[BlackTeam "Boehlerwerk"]
[WhiteTeamCountry "AUT"]
[BlackTeamCountry "AUT"]

1. c4 e5 2. Nc3 Nc6 3. Nf3 f5 4. d3 Nf6 5. g3 Be7 6. Bg2 0-0 7. 0-0 d6 8. Rb1 a5 9. a3 h6 10. b4 axb4 11. axb4 Be6 12. b5 Na5 13. Qc2 g5 14. Bb2 c6 15. bxc6 bxc6 16. Ra1 Qb6 17. Rfb1 f4 18. Bc1 Qa7 19. e3 fxg3 20. hxg3 Ng4 21. Ra4 Bd8 22. Ne4 d5 23. cxd5 cxd5 24. Nc5 Rc8 25. Ba3 Be7 26. Rb5 1-0

[Event "SVK-chT2A 1819"]
[Site "Slovakia"]
[Date "2018.11.18"]
[Round "4.3"]
[White "Hecko, Dusan"]
[Black "Bochnicka, Vladimir1111"]
[Result "1/2-1/2"]
[WhiteElo "2060"]
[BlackElo "2137"]
[PlyCount "105"]
[EventDate "2018.10.13"]
[EventType "team-tourn"]
[EventRounds "11"]
[EventCountry "SVK"]
[SourceTitle "CBM 189 Extra"]
[Source "ChessBase"]
[SourceDate "2019.06.03"]
[SourceVersion "1"]
[SourceVersionDate "2019.06.03"]
[SourceQuality "1"]
[WhiteTeam "Osuske II"]
[BlackTeam "Modra II"]
[WhiteTeamCountry "SVK"]
[BlackTeamCountry "SVK"]

1. c4 e5 2. Nc3 Nf6 3. Nf3 Nc6 4. g3 d5 5. cxd5 Nxd5 6. Bg2 Nb6 7. d3 Be7 8. 0-0 0-0 9. b3 Be6 10. Bb2 f6 11. Rc1 Qd7 12. Ne4 Nd5 13. d4 f5 14. Nc5 Bxc5 15. dxc5 e4 16. Nd4 Rad8 17. Nxc6 bxc6 18. Qc2 Qe7 19. Ba3 Rd7 20. Rfd1 Rfd8 21. e3 Bf7 22. Rd4 Bh5 23. Qc4 Qf6 24. Rc2 Bf7 25. Qe2 Bg6 26. Bb2 Qf7 27. Rcd2 Qe6 28. Qd1 Be8 29. a3 Qh6 30. b4 a6 31. Qe2 Ra8 32. f3 Rad8 33. fxe4 Qxe3+ 34. Qxe3 Nxe3 35. Rxd7 Rxd7 36. Rxd7 Bxd7 37. exf5 Nxg2 38. Kxg2 Bxf5 39. Kf3 h5 40. Kf4 g6 41. Ke5 Kf7 42. Bc1 Ke7 43. Bg5+ Kd7 44. Kf6 Ke8 45. Bf4 Kd7 46. Be5 Bd3 47. Kg5 Bf5 48. Kf4 Ke6 49. Bxc7 Kd5 50. Ba5 Kc4 51. Ke5 Kb5 52. Kd6 Bc2 53. Kc7 1/2-1/2

[Event "SVK-chT2A 1718"]
[Site "Slovakia"]
[Date "2018.02.04"]
[Round "7.5"]
[White "Hecko, Dusan"]
[Black "Slaba, Andrea"]
[Result "1-0"]
[WhiteElo "2084"]
[BlackElo "1921"]
[PlyCount "53"]
[EventDate "2017.10.28"]
[EventType "team-tourn"]
[EventRounds "11"]
[EventCountry "SVK"]
[SourceTitle "EXT 2019"]
[Source "ChessBase"]
[SourceDate "2018.10.10"]
[SourceVersion "1"]
[SourceVersionDate "2018.10.10"]
[SourceQuality "1"]
[WhiteTeam "Osuske II"]
[BlackTeam "Piestany Loewe"]
[WhiteTeamCountry "SVK"]
[BlackTeamCountry "SVK"]

1. c4 Nf6 2. Nc3 g6 3. g3 Bg7 4. Bg2 0-0 5. Nf3 d6 6. 0-0 c6 7. d3 e5 8. Bd2 Nh5 9. Rb1 f5 10. b4 f4 11. b5 g5 12. bxc6 Nxc6 13. Nd5 Rf7 14. Bc3 g4 15. Nd2 Qf8 16. Ne4 Qd8 17. f3 fxg3 18. hxg3 Rb8 19. e3 gxf3 20. Bxf3 Nf6 21. Ndxf6+ Bxf6 22. Nxf6+ Rxf6 23. Bxc6 Rg6 24. Qf3 Bh3 25. Bd5+ Kh8 26. Rf2 Qh4 27. Qf8+ 1-0

[Event "SVK-chT3A2 1718"]
[Site "Slovakia"]
[Date "2017.12.17"]
[Round "6.2"]
[White "Hecko, Dusan"]
[Black "Bisco, Igor"]
[Result "1/2-1/2"]
[WhiteElo "2092"]
[BlackElo "2080"]
[PlyCount "25"]
[EventDate "2017.10.08"]
[EventType "team-tourn"]
[EventRounds "11"]
[EventCountry "SVK"]
[SourceTitle "EXT 2020"]
[Source "ChessBase"]
[SourceDate "2019.10.17"]
[SourceVersion "1"]
[SourceVersionDate "2019.10.17"]
[SourceQuality "1"]
[WhiteTeam "Senica CVC"]
[BlackTeam "Hlohovec"]
[WhiteTeamCountry "SVK"]
[BlackTeamCountry "SVK"]

1. c4 Nf6 2. Nc3 g6 3. g3 Bg7 4. Bg2 0-0 5. Nf3 c5 6. 0-0 Nc6 7. d3 d6 8. Rb1 Bd7 9. Bd2 Rb8 10. Re1 a6 11. e4 b5 12. a3 b4 13. Nd5 1/2-1/2

[Event "SVK-chT3A2 1516"]
[Site "Slovakia"]
[Date "2016.04.10"]
[Round "11.3"]
[White "Takacs, Laszlo"]
[Black "Hecko, Dusan"]
[Result "1-0"]
[WhiteElo "2147"]
[BlackElo "2104"]
[PlyCount "119"]
[EventDate "2015.10.11"]
[EventType "team-tourn"]
[EventRounds "11"]
[EventCountry "SVK"]
[SourceTitle "EXT 2020"]
[Source "ChessBase"]
[SourceDate "2019.10.17"]
[SourceVersion "1"]
[SourceVersionDate "2019.10.17"]
[SourceQuality "1"]
[WhiteTeam "Dunajska Streda II"]
[BlackTeam "Senica CVC"]
[WhiteTeamCountry "SVK"]
[BlackTeamCountry "SVK"]

1. e4 c6 2. d4 d5 3. e5 Bf5 4. h4 h5 5. Bg5 Qb6 6. Bd3 Bxd3 7. Qxd3 e6 8. Nd2 Nd7 9. Ngf3 Ne7 10. 0-0 Nf5 11. c3 Be7 12. Bxe7 Nxe7 13. b4 a5 14. a4 Qc7 15. Ng5 Nf5 16. g3 g6 17. Rfb1 b6 18. Nf1 Ke7 19. Ne3 Ng7 20. Nh3 Rhb8 21. Nf4 Ra7 22. b5 Kf8 23. bxc6 Qxc6 24. Rb5 Rc7 25. c4 dxc4 26. Qa3+ Kg8 27. Rc1 Qe4 28. Qc3 Nf5 29. Nxf5 Qxf5 30. Qe3 Kh7 31. Rc3 Re8 32. Kg2 Rc6 33. Qe2 Rd8 34. Nh3 Qg4 35. Qe3 Nf8 36. Nf4 Kg7 37. Qe4 Rdc8 38. f3 Qf5 39. Qe2 f6 40. Nh3 fxe5 41. Rxe5 Qf6 42. Ng5 Kg8 43. Ne4 Qg7 44. Nd2 Qd7 45. Qe3 Rd6 46. Ne4 Qd8 47. Nxd6 Qxd6 48. Rb5 Nd7 49. Qe4 Kf7 50. d5 exd5 51. Qxd5+ Qxd5 52. Rxd5 Ke6 53. Rd4 Ne5 54. f4 Ng4 55. Kf3 b5 56. axb5 Rb8 57. Rdxc4 Rxb5 58. Rc6+ Kd5 59. Rxg6 Rb2 60. Rxg4 1-0

[Event "SVK-chT3A2 1516"]
[Site "Slovakia"]
[Date "2015.10.11"]
[Round "1.4"]
[White "Hecko, Dusan"]
[Black "Stanec, Stanislav"]
[Result "1/2-1/2"]
[WhiteElo "2104"]
[BlackElo "2167"]
[PlyCount "86"]
[EventDate "2015.10.11"]
[EventType "team-tourn"]
[EventRounds "11"]
[EventCountry "SVK"]
[SourceTitle "EXT 2020"]
[Source "ChessBase"]
[SourceDate "2019.10.17"]
[SourceVersion "1"]
[SourceVersionDate "2019.10.17"]
[SourceQuality "1"]
[WhiteTeam "Senica CVC"]
[BlackTeam "Skalica II"]
[WhiteTeamCountry "SVK"]
[BlackTeamCountry "SVK"]

1. c4 Nf6 2. Nc3 g6 3. g3 Bg7 4. Bg2 0-0 5. Nf3 c6 6. 0-0 d5 7. cxd5 Nxd5 8. Qc2 Na6 9. a3 Nac7 10. b3 Nb5 11. Bb2 Nbxc3 12. dxc3 Qc7 13. c4 Bxb2 14. Qxb2 Nf6 15. Qe5 Qxe5 16. Nxe5 Be6 17. Rfd1 Rfd8 18. Kf1 Kf8 19. Ke1 Ke8 20. Rxd8+ Kxd8 21. Rd1+ Kc7 22. Kd2 Rd8+ 23. Kc1 Rxd1+ 24. Kxd1 Kd6 25. f4 a5 26. Kd2 Ng4 27. Nxg4 Bxg4 28. e3 e5 29. b4 axb4 30. axb4 exf4 31. c5+ Kd7 32. gxf4 h6 33. Kd3 Bd1 34. Kd4 Ke6 35. h3 f5 36. Bf1 Bf3 37. b5 cxb5 38. Bxb5 g5 39. fxg5 hxg5 40. Bc4+ Kf6 41. Bd5 g4 42. e4 Bxe4 43. Bxe4 fxe4 1/2-1/2

[Event "SVK-chT2A 1415"]
[Site "Slovakia"]
[Date "2015.02.01"]
[Round "7.5"]
[White "Hecko, Dusan"]
[Black "Puchart, Vladimir"]
[Result "1-0"]
[WhiteElo "2105"]
[BlackElo "2031"]
[PlyCount "77"]
[EventDate "2014.10.11"]
[EventType "team-tourn"]
[EventRounds "11"]
[EventCountry "SVK"]
[SourceTitle "EXT 2016"]
[Source "ChessBase"]
[SourceDate "2015.10.08"]
[SourceVersion "1"]
[SourceVersionDate "2015.10.08"]
[SourceQuality "1"]
[WhiteTeam "Osuske II"]
[BlackTeam "Trnava Lokomotiva II"]
[WhiteTeamCountry "SVK"]
[BlackTeamCountry "SVK"]

1. c4 c6 2. Nc3 d5 3. cxd5 cxd5 4. d4 Nf6 5. Nf3 Nc6 6. Bf4 Bf5 7. e3 e6 8. Bd3 Bxd3 9. Qxd3 Bd6 10. Bxd6 Qxd6 11. 0-0 0-0 12. Rac1 Rac8 13. Rfd1 Rfd8 14. g3 h6 15. Kg2 Qe7 16. h3 Nb4 17. Qb1 Nc6 18. Ne1 e5 19. dxe5 Nxe5 20. Nxd5 Nxd5 21. Rxc8 Nxe3+ 22. fxe3 Rxc8 23. Qe4 Qf6 24. Qxb7 Rc6 25. Rd2 Qf5 26. Qxa7 Qe4+ 27. Kh2 Rc1 28. Qd4 Nf3+ 29. Nxf3 Qxf3 30. Qd8+ Kh7 31. Qd3+ g6 32. Rg2 h5 33. b4 h4 34. gxh4 Rd1 35. Qe2 Qd5 36. Qf2 Ra1 37. h5 g5 38. e4 Qe5+ 39. Qg3 1-0

[Event "SVK-chT3A2 1415"]
[Site "Slovakia"]
[Date "2015.01.25"]
[Round "7.3"]
[White "Hecko, Dusan"]
[Black "Veselsky, Jozef"]
[Result "0-1"]
[WhiteElo "2105"]
[BlackElo "2133"]
[PlyCount "72"]
[EventDate "2014.10.19"]
[EventType "team-tourn"]
[EventRounds "11"]
[EventCountry "SVK"]
[SourceTitle "EXT 2019"]
[Source "ChessBase"]
[SourceDate "2018.10.10"]
[SourceVersion "1"]
[SourceVersionDate "2018.10.10"]
[SourceQuality "1"]

1. c4 e6 2. Nc3 d5 3. cxd5 exd5 4. d4 Nf6 5. Nf3 Be7 6. Bf4 c6 7. e3 0-0 8. h3 Bf5 9. Bd3 Bxd3 10. Qxd3 Na6 11. 0-0 Re8 12. Rfd1 Nc7 13. Rab1 h6 14. b4 Ne4 15. Bxc7 Qxc7 16. Rdc1 Nxc3 17. Qxc3 a6 18. a4 Rec8 19. Ne5 Bd6 20. Nd3 Qe7 21. Qb3 Rc7 22. b5 axb5 23. axb5 Ra3 24. Qd1 cxb5 25. Ne5 b4 26. g3 Rac3 27. Rxc3 bxc3 28. Qb3 Bxe5 29. dxe5 Qxe5 30. Rc1 d4 31. exd4 Qxd4 32. Rc2 b5 33. Qxb5 Qd1+ 34. Kg2 Qxc2 35. Qb8+ Kh7 36. Qxc7 Qe4+ 0-1

[Event "SVK-chT3A2 1415"]
[Site "Slovakia"]
[Date "2014.11.02"]
[Round "2.6"]
[White "Hecko, Dusan"]
[Black "Blatnicky, Miroslav"]
[Result "0-1"]
[WhiteElo "2105"]
[BlackElo "2056"]
[PlyCount "158"]
[EventDate "2014.10.19"]
[EventType "team-tourn"]
[EventRounds "11"]
[EventCountry "SVK"]
[SourceTitle "EXT 2019"]
[Source "ChessBase"]
[SourceDate "2018.10.10"]
[SourceVersion "1"]
[SourceVersionDate "2018.10.10"]
[SourceQuality "1"]

1. c4 c5 2. Nc3 Nf6 3. Nf3 d5 4. cxd5 Nxd5 5. g3 Nxc3 6. bxc3 b6 7. Bg2 Bb7 8. 0-0 e6 9. d3 Be7 10. Qc2 0-0 11. e4 Nc6 12. Be3 Rc8 13. Rad1 Qc7 14. Nd2 Ne5 15. Bf4 Bd6 16. Bxe5 Bxe5 17. f4 Bf6 18. e5 Bxg2 19. Kxg2 Be7 20. Qa4 Rfd8 21. Qe4 g6 22. Qf3 Rd5 23. c4 Rd4 24. h4 h5 25. Nb3 Rd7 26. Rfe1 Rcd8 27. Kh3 Qb7 28. Qxb7 Rxb7 29. a4 a6 30. Kg2 Rbd7 31. Re3 Rb8 32. Rb1 b5 33. axb5 axb5 34. cxb5 Rxb5 35. Nd2 Rxb1 36. Nxb1 Rb7 37. Na3 Kf8 38. Nc4 Ke8 39. Kf3 Kd7 40. Re2 Rb3 41. Ke3 Rb1 42. Ra2 Rg1 43. Ra7+ Kd8 44. Na5 Rxg3+ 45. Kf2 Bxh4 46. Nb7+ Kc7 47. Nd6+ Kc6 48. Ke2 g5 49. Ra6+ Kc7 50. Ra7+ Kb6 51. Rb7+ Kc6 52. fxg5 Rxg5 53. Rxf7 Rxe5+ 54. Ne4 c4 55. Rf3 Kd5 56. Kd2 Bg5+ 57. Nxg5 Rxg5 58. dxc4+ Kxc4 59. Ra3 Kd4 60. Ra4+ Ke5 61. Ke3 Rg3+ 62. Kf2 Rg5 63. Kf3 Kf5 64. Rb4 e5 65. Ra4 Rg4 66. Ra8 e4+ 67. Kf2 Rf4+ 68. Kg3 h4+ 69. Kg2 e3 70. Ra2 Kg4 71. Rb2 h3+ 72. Kg1 Kg3 73. Re2 Rf3 74. Rg2+ Kf4 75. Ra2 Rg3+ 76. Kf1 Rg4 77. Rh2 Kg3 78. Kg1 Rd4 79. Rg2+ Kf3 0-1

[Event "SVK-chT2A 1415"]
[Site "Slovakia"]
[Date "2014.10.12"]
[Round "2.4"]
[White "Hecko, Dusan"]
[Black "Micek, Jaroslav"]
[Result "1-0"]
[WhiteElo "2105"]
[BlackElo "2112"]
[PlyCount "55"]
[EventDate "2014.10.11"]
[EventType "team-tourn"]
[EventRounds "11"]
[EventCountry "SVK"]
[SourceTitle "EXT 2016"]
[Source "ChessBase"]
[SourceDate "2015.10.08"]
[SourceVersion "1"]
[SourceVersionDate "2015.10.08"]
[SourceQuality "1"]
[WhiteTeam "Osuske II"]
[BlackTeam "Bratislava Lokomotiva"]
[WhiteTeamCountry "SVK"]
[BlackTeamCountry "SVK"]

1. c4 f5 2. Nc3 Nf6 3. Nf3 g6 4. g3 Bg7 5. Bg2 d6 6. d4 0-0 7. 0-0 Nc6 8. d5 Ne5 9. Nxe5 dxe5 10. b3 a6 11. Bb2 g5 12. Qd2 h6 13. Rad1 Qe8 14. c5 Qh5 15. d6 exd6 16. cxd6 c6 17. Na4 Be6 18. Nc5 Qf7 19. Bxe5 Rad8 20. Qb4 Bc8 21. Bxf6 Bxf6 22. d7 Bxd7 23. Qxb7 Be8 24. Bxc6 Qxb7 25. Bxb7 Bb5 26. Bxa6 Bxa6 27. Nxa6 Ra8 28. Rd6 1-0

[Event "SVK-chT1W 1314"]
[Site "Slovakia"]
[Date "2014.03.23"]
[Round "11.5"]
[White "Hecko, Dusan"]
[Black "Voros, Gellert"]
[Result "1-0"]
[WhiteElo "2107"]
[BlackElo "2038"]
[PlyCount "159"]
[EventDate "2013.10.12"]
[EventType "team-tourn"]
[EventRounds "11"]
[EventCountry "SVK"]
[SourceTitle "EXT 2015"]
[Source "ChessBase"]
[SourceDate "2014.11.20"]
[SourceVersion "1"]
[SourceVersionDate "2014.11.20"]
[SourceQuality "1"]
[WhiteTeam "Osuske"]
[BlackTeam "Komarno"]
[WhiteTeamCountry "SVK"]
[BlackTeamCountry "SVK"]

1. c4 Nf6 2. Nc3 c6 3. Nf3 d5 4. cxd5 cxd5 5. g3 Nc6 6. d3 d4 7. Nb1 e5 8. Bg2 Bd6 9. 0-0 h6 10. Nbd2 0-0 11. Nc4 Be6 12. Nxd6 Qxd6 13. Bd2 Rac8 14. Qa4 Nd7 15. Rfc1 a6 16. Be1 Nb6 17. Qd1 Bd5 18. a3 f5 19. b4 Nd7 20. Nd2 Bxg2 21. Kxg2 b5 22. Nb3 Ne7 23. Kg1 Nd5 24. Rxc8 Rxc8 25. Rc1 Rc7 26. Bd2 N7f6 27. Rc5 Nd7 28. Rc2 Qe6 29. Rxc7 Nxc7 30. Qc2 Qd6 31. e3 dxe3 32. Bxe3 f4 33. Bc5 Qe6 34. f3 Qd5 35. Kg2 Ne6 36. Bf2 Nf6 37. Nc5 Qc6 38. Qe2 fxg3 39. hxg3 Ng5 40. Be3 Nf7 41. d4 Ng4 42. dxe5 Ngxe5 43. Bd4 Nc4 44. Qe7 Nd2 45. Qe2 Ng5 46. Qxd2 Qxf3+ 47. Kg1 Qxg3+ 48. Kf1 Qf3+ 49. Qf2 Qxa3 50. Qd2 Qh3+ 51. Qg2 Qf5+ 52. Bf2 Qb1+ 53. Be1 Qf5+ 54. Qf2 Qd5 55. Qe3 Qc4+ 56. Nd3 Qc6 57. Ne5 Qh1+ 58. Ke2 Qh2+ 59. Kd1 Qh5+ 60. Kc2 Qe8 61. Bc3 Qc8 62. Qd3 Qe6 63. Kb2 Nf7 64. Nd7 Nd6 65. Nc5 Nc4+ 66. Kc1 Qc8 67. Qd5+ Kh8 68. Qf7 Qg8 69. Qg6 Qh7 70. Qxa6 Qf5 71. Qxh6+ Qh7 72. Bxg7+ Kg8 73. Qxh7+ Kxh7 74. Bd4 Kg6 75. Kc2 Kf7 76. Kd3 Ke7 77. Bf2 Kd6 78. Ne4+ Kc6 79. Bd4 Na3 80. Nd2 1-0

[Event "SVK-chT1W 1213"]
[Site "Slovakia"]
[Date "2013.02.24"]
[Round "9.8"]
[White "Hajtmanek, Stanislav"]
[Black "Hecko, Dusan"]
[Result "0-1"]
[WhiteElo "1764"]
[BlackElo "2073"]
[PlyCount "64"]
[EventDate "2012.10.20"]
[EventType "team-tourn"]
[EventRounds "11"]
[EventCountry "SVK"]
[SourceTitle "EXT 2015"]
[Source "ChessBase"]
[SourceDate "2014.11.20"]
[SourceVersion "1"]
[SourceVersionDate "2014.11.20"]
[SourceQuality "1"]
[WhiteTeam "Pezinok"]
[BlackTeam "Osuske"]
[WhiteTeamCountry "SVK"]
[BlackTeamCountry "SVK"]

1. d4 Nf6 2. c4 g6 3. Nc3 d5 4. e3 Bg7 5. Nf3 0-0 6. Be2 c5 7. 0-0 cxd4 8. exd4 Nc6 9. Ne5 dxc4 10. Nxc6 bxc6 11. Bxc4 Nd5 12. Nxd5 cxd5 13. Qf3 Be6 14. Bb3 Qd7 15. Be3 a5 16. Rac1 a4 17. Bc2 Bg4 18. Qg3 Be2 19. Rfe1 Bc4 20. b3 axb3 21. axb3 Bb5 22. f4 e6 23. Bf2 Qd6 24. Qe3 Ra3 25. Qd2 Rfa8 26. g3 Bf8 27. Rb1 Ra2 28. Qc1 Rc8 29. Rb2 Ra7 30. Qd1 Qa3 31. Rb1 Bb4 32. Re5 Rac7 0-1